| 000 | 00584nab a2200205 a 4500 | ||
|---|---|---|---|
| 001 | 58270 | ||
| 003 | 129750 | ||
| 005 | 20201118103409.0 | ||
| 008 | ||||||n9999 ||| || || | ||
| 041 | _aspa | ||
| 100 | _aPyhrr, Peter | ||
| 245 | 0 |
_aComo presupuestar sobre una base de cero : _bpp.1-12 |
|
| 260 |
_aMéxico : _bHarvard Business School Press, _c1974. |
||
| 562 | _e0 | ||
| 650 | _aBASE MONETARIA | ||
| 650 | _aESTRUCTURA ORGANIZACIONAL | ||
| 650 | _aPRESUPUESTO | ||
| 773 |
_054184 _aBiblioteca Harvard de Administración de Empresas - Vol.04 No.62 |
||
| 942 | _cSART | ||
| 999 |
_c58270 _d58270 |
||